Welcome to the Holygrace Academy Library

Please use search bar below to get started

GANGA (Record no. 2442)

MARC details
000 -LEADER
fixed length control field 00346nam a22001577a 4500
020 ## - INTERNATIONAL STANDARD BOOK NUMBER
ISBN 978-81-907403-7-1
082 ## - DEWEY DECIMAL CLASSIFICATION NUMBER
Classification number 823
Item number BHA/T
100 ## - MAIN ENTRY--AUTHOR NAME
Personal name BHARAT
245 ## - TITLE STATEMENT
Title GANGA
Remainder of title STORY BOOK
246 ## - VARYING FORM OF TITLE
Title proper/short title GANGA
Remainder of title STORY BOOK
260 ## - PUBLICATION, DISTRIBUTION, ETC. (IMPRINT)
Place of publication DELHI
Name of publisher RAJA POCKET BOOKS
Year of publication 2011
300 ## - PHYSICAL DESCRIPTION
Number of Pages 48
520 ## - SUMMARY, ETC.
Summary, etc SHORT STORY
650 ## - SUBJECT ADDED ENTRY--TOPICAL TERM
Topical Term SHORT STORY
942 ## - ADDED ENTRY ELEMENTS (KOHA)
Koha item type Books
Holdings
Withdrawn status Lost status Collection code Home library Current library Shelving location Date acquired Source of acquisition Cost, normal purchase price Full call number Accession Number Koha item type
    Fiction Main Library Main Library SHELF 4-D MYTHOLOGY 16/12/2019 Purchase 50.00 823 BHA/T 12329 Books